Oración fúnebre del eminente orador chileno Dr. D. Ramón Ángel Jara ... (Record no. 156265)
[ view plain ]
| 000 -LEADER | |
|---|---|
| campo de control de longitud fija | 01032nam a2200193 i 4500 |
| 001 - NÚMERO DE CONTROL | |
| campo de control | 156265 |
| 003 - IDENTIFICADOR DE NÚMERO DE CONTROL | |
| campo de control | ES-MaACL |
| 005 - FECHA Y HORA DE LA ÚLTIMA TRANSACCIÓN | |
| campo de control | 20230906210349.0 |
| 008 - DATOS DE LONGITUD FIJA--INFORMACIÓN GENERAL | |
| campo de control de longitud fija | 981228s1897 uy |||| | spa d |
| 040 ## - FUENTE DE CATALOGACIÓN | |
| Centro catalogador/agencia de origen | CCPB | B |
| Lengua de catalogación | spa |
| Centro/agencia transcriptor | CCPB | B |
| 100 1# - ENTRADA PRINCIPAL--NOMBRE DE PERSONA | |
| Nombre de persona | Jara, Ramón Angel. |
| 9 (RLIN) | 66088 |
| 245 10 - MENCIÓN DEL TÍTULO | |
| Título | Oración fúnebre del eminente orador chileno Dr. D. Ramón Ángel Jara ... |
| Resto del título | : pronunciada el 20 de Agosto en las solemnes exequias celebradas por la colonia española en la Iglesia Matriz de Valparaiso en honor del Excmo. Sr. don Antonio Cánovas del Castillo, con un prólogo / |
| Mención de responsabilidad, etc. | por Matías Alonso Criado. |
| 260 ## - PUBLICACIÓN, DISTRIBUCIÓN, ETC. | |
| Lugar de publicación, distribución, etc. | Montevideo : |
| Nombre del editor, distribuidor, etc. | [s.n.], |
| Fecha de publicación, distribución, etc. | 1897 ( |
| Fabricante | Tipografía de la Escuela Nacional de Artes y Oficios) |
| 300 ## - DESCRIPCIÓN FÍSICA | |
| Extensión | 59 p. ; |
| Dimensiones | 19 cm. |
| 600 14 - PUNTO DE ACCESO ADICIONAL DE MATERIA--NOMBRE DE PERSONA | |
| Nombre de persona | Cánovas del Castillo, Antonio, 1828-1897- |
| Subdivisión de forma | Homenajes |
| 9 (RLIN) | 34602 |
| 700 0# - ENTRADA AGREGADA--NOMBRE PERSONAL | |
| Nombre de persona | Alonso Criado, Matías. |
| 9 (RLIN) | 20281 |
| 852 ## - LOCALIZACIÓN | |
| Ubicación | ES-MaACL |
| Número de control de estantería | T-792-F-1 |
| Nota libre | -- Enc. hol. |
| -- | -- Ded. ms. del autor al Ateneo |
| -- | -- Enc. en un vol. facticio, conservando la enc. editorial |
| Estatus retirado | Estado de pérdida | Estado de daño | No para préstamo | Colección | Biblioteca de origen | Biblioteca actual | Ubicación en estantería | Fecha de adquisición | Total de préstamos | Signatura topográfica completa | Código de barras | Visto por última vez | Precio de reemplazo | Tipo de ítem Koha |
|---|---|---|---|---|---|---|---|---|---|---|---|---|---|---|
| Colección de folletos | Biblioteca del Ateneo de Madrid | Biblioteca del Ateneo de Madrid | Depósito folletos | 17/01/2008 | T-792-F-1 | 1163485 | 23/02/2023 | 23/02/2023 | Folleto |
